000 00626nam a2200241Ia 4500
003 OSt
005 20221005093236.0
006 a|||||r|||| 00| 0
007 ta
008 221004b |||||||| |||| 00| 0 eng d
024 _a90998
037 _cTextual
040 _aCRL
_cCRL
_beng
041 _2eng
_aeng
082 _aO111:g(Y:1), N4
100 _aSaid Edward W
245 0 _aCulture and imperialism
260 _aNew York
_bVintage Books
_c1994
300 _axi;363p
_ccm.
650 _aENGLISH LITERATURE
942 _hO111:g(Y:1), N4
_cTEXL
_2cc
999 _c1000040
_d1000040